| 000 | 01610nam a22003734a 4500 | ||
|---|---|---|---|
| 001 | ebr10155125 | ||
| 003 | CaPaEBR | ||
| 006 | m u | ||
| 007 | cr cn||||||||| | ||
| 008 | 050818s2006 nyua sb 001 0 eng | ||
| 010 | _z 2005048287 | ||
| 020 | _z1403972982 (alk. paper) | ||
| 040 |
_aCaPaEBR _cCaPaEBR |
||
| 035 | _a(OCoLC)124039430 | ||
| 043 | _ae-ru--- | ||
| 050 | 1 | 4 |
_aPN2045.C6 _bW38 2006eb |
| 082 | 0 | 4 |
_a792/.0947/31 _222 |
| 100 | 1 | _aWater, Manon van de. | |
| 245 | 1 | 0 |
_aMoscow theatres for young people _h[electronic resource] : _ba cultural history of ideological coercion and artistic innovation, 1917-2000 / _cManon van de Water. |
| 246 | 3 | _aMoscow theaters for young people | |
| 250 | _a1st ed. | ||
| 260 |
_aNew York : _bPalgrave Macmillan, _c2006. |
||
| 300 |
_axviii, 302 p. : _bill. |
||
| 490 | 1 | _aPalgrave studies in theatre and performance history | |
| 504 | _aIncludes bibliographical references (p. [267]-292) and index. | ||
| 533 |
_aElectronic reproduction. _bPalo Alto, Calif. : _cebrary, _d2013. _nAvailable via World Wide Web. _nAccess may be limited to ebrary affiliated libraries. |
||
| 650 | 0 |
_aTheater and state _zRussia (Federation) _zMoscow. |
|
| 650 | 0 |
_aTheater _xPolitical aspects _zRussia (Federation) _zMoscow. |
|
| 650 | 0 |
_aChildren's theater _zRussia (Federation) _zMoscow. |
|
| 655 | 7 |
_aElectronic books. _2local |
|
| 710 | 2 | _aebrary, Inc. | |
| 830 | 0 | _aPalgrave studies in theatre and performance history. | |
| 856 | 4 | 0 |
_uhttp://site.ebrary.com/lib/rucke/Doc?id=10155125 _zAn electronic book accessible through the World Wide Web; click to view |
| 999 |
_c201060 _d201060 |
||